|
|
|
|
| LEADER |
01296nam a2200361 a 4500 |
| 001 |
EBC408737 |
| 003 |
MiAaPQ |
| 005 |
20200520144314.0 |
| 006 |
m o d | |
| 007 |
cr cn||||||||| |
| 008 |
071228s2008 nyu s 001 0 eng |
| 010 |
|
|
|z 2007052952
|
| 020 |
|
|
|z 9780814401637 (pbk.)
|
| 020 |
|
|
|z 0814401635 (pbk.)
|
| 035 |
|
|
|a (MiAaPQ)EBC408737
|
| 035 |
|
|
|a (Au-PeEL)EBL408737
|
| 035 |
|
|
|a (CaPaEBR)ebr10271759
|
| 035 |
|
|
|a (CaONFJC)MIL175784
|
| 035 |
|
|
|a (OCoLC)646790822
|
| 040 |
|
|
|a MiAaPQ
|c MiAaPQ
|d MiAaPQ
|
| 050 |
|
4 |
|a HF5415.126
|b .C48784 2008
|
| 082 |
0 |
4 |
|a 658.8/72
|2 22
|
| 100 |
1 |
|
|a Christensen, Mary,
|d 1951-
|
| 245 |
1 |
0 |
|a Be a recruiting superstar
|h [electronic resource] :
|b the fast track to network marketing millions /
|c Mary Christensen.
|
| 260 |
|
|
|a New York :
|b American Management Association,
|c c2008.
|
| 300 |
|
|
|a x, 212 p.
|
| 500 |
|
|
|a Includes index.
|
| 533 |
|
|
|a Electronic reproduction. Ann Arbor, MI : ProQuest, 2015. Available via World Wide Web. Access may be limited to ProQuest affiliated libraries.
|
| 650 |
|
0 |
|a Multilevel marketing.
|
| 650 |
|
0 |
|a Direct marketing.
|
| 655 |
|
4 |
|a Electronic books.
|
| 710 |
2 |
|
|a ProQuest (Firm)
|
| 856 |
4 |
0 |
|u https://ebookcentral.proquest.com/lib/matrademy/detail.action?docID=408737
|z Click to View
|